Managing the obvious : (Record no. 2006)
[ view plain ]
| 000 -LEADER | |
|---|---|
| fixed length control field | 00893nam a2200289 a 4500 |
| 001 - CONTROL NUMBER | |
| JCCL Control Number | 2006 |
| 003 - CONTROL NUMBER IDENTIFIER | |
| JCCL marc code | BD-JhCC |
| 005 - DATE AND TIME OF LATEST TRANSACTION | |
| control field | 20200226134007.0 |
| 008 - FIXED-LENGTH DATA ELEMENTS--GENERAL INFORMATION | |
| fixed length control field | 931213s1994 utua a 001 0 eng |
| 020 ## - INTERNATIONAL STANDARD BOOK NUMBER | |
| International Standard Book Number | 1883004012 : |
| Terms of availability | $22.00 |
| 035 ## - SYSTEM CONTROL NUMBER | |
| system control number | (BD-JhCC)2006 |
| 040 ## - CATALOGING SOURCE | |
| Original cataloging agency | DLC |
| Transcribing agency | DLC |
| Modifying agency | BD-JhCC |
| 041 ## - LANGUAGE CODE | |
| Language code of Book | eng |
| 050 00 - LIBRARY OF CONGRESS CALL NUMBER | |
| Classification number | HD31 |
| Item number | .C6422 1994 |
| 082 00 - DEWEY DECIMAL CLASSIFICATION NUMBER | |
| Classification number | 650.1 |
| DDC Edition number | 20 |
| Author mark and Year | COO 1994 |
| 100 1# - MAIN ENTRY--PERSONAL NAME | |
| Personal name | Coonradt, Charles A. |
| 245 10 - TITLE STATEMENT | |
| Title | Managing the obvious : |
| Remainder of title | how to get what you want using what you know / |
| Statement of responsibility, etc | Charles A. Coonradt with Jack M. Lyon and Richard L. Williams. |
| 250 ## - EDITION STATEMENT | |
| Edition statement | [1st ed]. |
| 260 ## - PUBLICATION, DISTRIBUTION, ETC. (IMPRINT) | |
| Place of publication, distribution, etc | [Park City, Utah : |
| Name of publisher, distributor, etc | Game of Work, |
| Date of publication, distribution, etc | 1994] |
| 300 ## - PHYSICAL DESCRIPTION | |
| Pagination | 215 p. : |
| Other physical details | ill. ; |
| Dimensions | 24 cm. |
| 500 ## - GENERAL NOTE | |
| General note | Includes index. |
| 650 #0 - SUBJECT ADDED ENTRY--TOPICAL TERM | |
| Topical term or geographic name as entry element | Management. |
| 650 #0 - SUBJECT ADDED ENTRY--TOPICAL TERM | |
| Topical term or geographic name as entry element | Success in business. |
| 700 1# - ADDED ENTRY--PERSONAL NAME | |
| Personal name | Lyon, Jack M. |
| 700 1# - ADDED ENTRY--PERSONAL NAME | |
| Personal name | Williams, Richard L. |
| Fuller form of name | (Richard Leonard), |
| Dates associated with a name | 1943- |
| 942 ## - ADDED ENTRY ELEMENTS (KOHA) | |
| Source of classification or shelving scheme | Dewey Decimal Classification |
| Koha item type | Books |
| Koha issues (borrowed), all copies | 4 |
| Source of classification or shelving scheme | Damaged status | Not for loan | Home library | Current library | Shelving location | Date of accession | Total Checkouts | Full call number | Barcode | Date last seen | Date checked out | Copy number | Koha item type |
|---|---|---|---|---|---|---|---|---|---|---|---|---|---|
| Dewey Decimal Classification | JCC Rouf Library | JCC Rouf Library | General Stacks | 10/28/2017 | 2 | 650.1 COO 1994 | 3335 | 04/08/2020 | 02/25/2020 | C-1 | Books |